Statystyki dla Imiona

Kliknij tutaj aby rozwiązać quiz!

Ogólne statystyki

  • Ten quiz został rozwiązany 376 razy
  • Średni wynik to 6 z 21

Statystyki odpowiedzi

Odpowiedź% Poprawnych
Julia
52%
Julia
52%
Jakub
51%
Jakub
51%
Kacper
40%
Kacper
40%
Aleksandra
38%
Aleksandra
38%
Weronika
33%
Adam
32%
Natalia
32%
Oliwia
29%
Oliwia
29%
Patrycja
21%
Łukasz
19%
Mikołaj
15%
Bartłomiej
12%
Sebastian
11%
Miłosz
7%
Dorota
4%
Wioleta
1%

Rozkład punktacji

Percentyl według liczby udzielonych odpowiedzi

Procent ludzi z każdym wynikiem

Twoja historia wyników

Nie rozwiązałeś tego quizu